Literatura española siglo XX / (Record no. 6101)
[ view plain ]
| 000 -CABECERA | |
|---|---|
| campo de control de longitud fija | 00665cam a2200193 a 4500 |
| 001 - NÚMERO DE CONTROL | |
| campo de control | 000006306 |
| 005 - FECHA Y HORA DE LA ÚLTIMA TRANSACCIÓN | |
| campo de control | 20200929153918.0 |
| 008 - DATOS DE LONGITUD FIJA--INFORMACIÓN GENERAL | |
| campo de control de longitud fija | 750127s1972 sp 001 0 spa |
| 040 ## - FUENTE DE LA CATALOGACIÓN | |
| Centro catalogador/agencia de origen | DO-SdBNP |
| Lengua de catalogación | spa |
| Centro/agencia transcriptor | BNPHU |
| 082 ## - NÚMERO DE LA CLASIFICACIÓN DECIMAL DEWEY | |
| Número de clasificación | xx |
| Número de documento/Ítem | S165l, 1972 |
| 100 1# - ENTRADA PRINCIPAL--NOMBRE DE PERSONA | |
| Nombre de persona | Salinas, Pedro, |
| Fechas asociadas al nombre | 1892-1951. |
| 9 (RLIN) | 7966 |
| 245 10 - MENCIÓN DE TÍTULO | |
| Título | Literatura española siglo XX / |
| Mención de responsabilidad, etc. | Pedro Salinas. |
| 250 ## - MENCIÓN DE EDICIÓN | |
| Mención de edición | 2a ed. |
| 260 ## - PUBLICACIÓN, DISTRIBUCIÓN, ETC. | |
| Lugar de publicación, distribución, etc. | Madrid : |
| Nombre del editor, distribuidor, etc. | Alianza, |
| Fecha de publicación, distribución, etc. | 1972. |
| 300 ## - DESCRIPCIÓN FÍSICA | |
| Extensión | 223 p. ; |
| Dimensiones | 18 cm. |
| 490 1# - MENCIÓN DE SERIE | |
| Mención de serie | El Libro de Bolsillo ; |
| Enlace | Sección: Literatura |
| Designación de volumen o secuencia | no. 239 |
| 650 #0 - PUNTO DE ACCESO ADICIONAL DE MATERIA--TÉRMINO DE MATERIA | |
| Término de materia o nombre geográfico como elemento de entrada | Spanish literature |
| Subdivisión cronológica | 20th century |
| Subdivisión general | History and criticism. |
| 9 (RLIN) | 17596 |
| 830 #0 - PUNTO DE ACCESO ADICIONAL DE SERIE-TÍTULO UNIFORME | |
| Título uniforme | El Libro de Bolsillo ; |
| Nombre de parte o sección de la obra | Sección: Literatura |
| Designación de volumen o secuencia | no. 239 |
| 9 (RLIN) | 17597 |
| Estado de retiro | Estado de pérdida | Restricciones de uso | No para préstamo | Código de colección | Localización permanente | Ubicación/localización actual | Ubicación en estantería | Fecha de adquisición | Número de inventario | Total de préstamos | Signatura topográfica completa | Código de barras | Fecha visto por última vez | Precio válido a partir de | Tipo de ítem Koha |
|---|---|---|---|---|---|---|---|---|---|---|---|---|---|---|---|
| Préstamo interno | Monografías: Libros y Folletos | General | General | En catalogación | 27.08.2009 | LF1 | xx S165l, 1972 | 6306-10 | 25.06.2020 | 25.06.2020 | Préstamo interno |
